| 000 | 00718nam a22002417a 4500 | ||
|---|---|---|---|
| 001 | BD-DhSAU 2335 | ||
| 003 | BD-DhSAU | ||
| 005 | 20150127151837.0 | ||
| 008 | 150127b2000 ii |||| |||| 000 0 eng d | ||
| 040 | _aBD-DhSAU | ||
| 082 |
_222 _a582.16072 _bSOM |
||
| 100 | _aSolanki, k. R. | ||
| 245 |
_aMultipurpose tree species : _bresearch- retrospect and prospect / _ck. R. Solanki, A. K. Bisaria and A. K. Handa |
||
| 260 |
_aIndia : _bAgrobios , _c2000. |
||
| 300 |
_axi, 337 p. : _c22 cm. |
||
| 504 | _aincludes bibliographical references | ||
| 590 | _atamanna | ||
| 650 | _ahorticulture | ||
| 650 | _aTree species | ||
| 650 | _amultipurpose trees | ||
| 700 | _aBisaria, A. K. | ||
| 700 | _aHanda, A. K. | ||
| 942 |
_2ddc _cBOOK |
||
| 999 |
_c2335 _d2335 |
||